00311nam a2200121Ia 4500008004100000041000800041082001500049100002100064245002500085260004100110300003200151440000600183240624s9999 xx 000 0 und d aeng a303.38 ROB aROBERTS CAROLINE aATTITUDE MEASUREMENT c2008aLos AngelesbSage Publications axliv, : 314 : p. : cm. ; 24 v3